| 000 | 00294nam a22000977a 4500 | ||
|---|---|---|---|
| 999 |
_c516476 _d516476 |
||
| 082 | _aTNC A95x54 R16 | ||
| 100 |
_aRajya Sabha Secretariat _922992 |
||
| 245 |
_aHandbook for members of Rajya Sabha _cby Rajya Sabha Secretariat |
||
| 260 |
_aNew Delhi _bRajya Sabha Secretariat _c2002 |
||
| 300 | _a167p. | ||